Vista normal Vista MARC

Entrada Geographic Name

Número de registros utilizados en: 1

001 - CONTROL NUMBER

  • control field: 36521

003 - CONTROL NUMBER IDENTIFIER

  • control field: OSt

005 - DATE AND TIME OF LATEST TRANSACTION

  • control field: 20210325101922.0

008 - FIXED-LENGTH DATA ELEMENTS

  • fixed length control field: 210325|| aca||aabn | a|a d

040 ## - CATALOGING SOURCE

  • Original cataloging agency: OSt
  • Transcribing agency: OSt

151 ## - HEADING--GEOGRAPHIC NAME

  • Geographic name: Desarrollo socioeconómico
  • Geographic subdivision: Armenia (Colombia)

670 ## - SOURCE DATA FOUND

  • Source citation: Work cat.: (OSt): Garzón Consuegra, Ricardo, autor 36520, Efectos del proceso de reasentamiento en las zonas subnormales de Armenia : , 2002